Central Library OPAC University of Rajshahi

Queen Victoria : (Record no. 24989)

MARC details
000 -LEADER
fixed length control field 00767nam a22002651 4500
001 - CONTROL NUMBER
control field 24989
003 - CONTROL NUMBER IDENTIFIER
rucl marc code BD-RjUL
005 - DATE AND TIME OF LATEST TRANSACTION
control field 20211209050820.0
008 - FIXED-LENGTH DATA ELEMENTS--GENERAL INFORMATION
fixed length control field 140316s1904 enkbcfh 001 0beng
035 ## - SYSTEM CONTROL NUMBER
System control number (BD-RjUL)25058
System control number (OCoLC)2462064
040 ## - CATALOGING SOURCE
Original cataloging agency DLC
Transcribing agency ScU
Modifying agency ScU
-- DLC
-- BD-RjUL
Language of cataloging eng
041 ## - LANGUAGE CODE
Language code of text/sound track or separate title eng
082 ## - DEWEY DECIMAL CLASSIFICATION NUMBER
Classification number 942.04
Author mark and year LEQ 1904
100 1# - MAIN ENTRY--PERSONAL NAME
Personal name Lee, Sidney,
Dates associated with a name 1859-1926.
9 (RLIN) 57528
245 00 - TITLE STATEMENT
Title Queen Victoria :
Remainder of title a biography /
Statement of responsibility, etc. Sidney Lee.
250 ## - EDITION STATEMENT
Edition statement Cheaper ed.
260 ## - PUBLICATION, DISTRIBUTION, ETC. (IMPRINT)
Place of publication, distribution, etc. London :
Name of publisher, distributor, etc. Smith, Elder, & co.,
Date of publication, distribution, etc. 1904.
300 ## - PHYSICAL DESCRIPTION
Pagination xxxv, 632 p. :
Illustrations ill., map ;
Size 22 cm.
504 ## - BIBLIOGRAPHY, ETC. NOTE
Bibliography, etc Includes index.
600 00 - SUBJECT ADDED ENTRY--PERSONAL NAME
Personal name Victoria,
Titles and other words associated with a name Queen of Great Britain,
Dates associated with a name 1819-1901.
942 ## - ADDED ENTRY ELEMENTS (KOHA)
Source of classification or shelving scheme Dewey Decimal Classification
Koha item type Books
Holdings
Lost status Source of classification or shelving scheme Damaged status Not for loan Collection code Permanent Location Current Location Shelving location Date acquired Source of acquisition Cost, normal purchase price Total Checkouts Full call number Date last seen Copy number Koha item type
  Dewey Decimal Classification   Added to bundle Non-fiction Central Library, University of Rajshahi Central Library, University of Rajshahi Reading Room 03/12/1957 Pak-American Com. 11.40   942.04 LEQ 1904 16/03/2014 C-1 Books